Эвристические методы в принятии решений инженеров; Современные техника и технологии; Т. 2
| Parent link: | Современные техника и технологии: сборник трудов XXI международной научной конференции студентов, аспирантов и молодых ученых, Томск, 5-9 октября 2015 г./ Национальный исследовательский Томский политехнический университет (ТПУ).— , 2015 Т. 2.— 2015.— [С. 293-295] |
|---|---|
| Autor principal: | |
| Autor corporatiu: | |
| Altres autors: | |
| Sumari: | Заглавие с титульного экрана The leaders of large organizations and managers at various levels every day are the choice of what decision should be taken which will be the most promising solution for a given situation of the enterprise. Today, the role of heuristics in decision-making managers reaches its greatest relevance, because it is these methods can include mental thinking employee to exercise creativity, generate ideas, to define the strategy and tactics in decision-making. This article will examine heuristics in decision-making engineering industry. |
| Idioma: | rus |
| Publicat: |
2015
|
| Col·lecció: | Социально-гуманитарный аспект инженерной деятельности |
| Matèries: | |
| Accés en línia: | http://earchive.tpu.ru/handle/11683/22089 http://www.lib.tpu.ru/fulltext/c/2015/C01/V2/084.pdf |
| Format: | MixedMaterials Electrònic Capítol de llibre |
| KOHA link: | https://koha.lib.tpu.ru/cgi-bin/koha/opac-detail.pl?biblionumber=615267 |
MARC
| LEADER | 00000naa2a2200000 4500 | ||
|---|---|---|---|
| 001 | 615267 | ||
| 005 | 20231102023534.0 | ||
| 035 | |a (RuTPU)RU\TPU\conf\13466 | ||
| 035 | |a RU\TPU\conf\13463 | ||
| 090 | |a 615267 | ||
| 100 | |a 20151102d2015 k y0rusy50 ca | ||
| 101 | 0 | |a rus |d eng | |
| 102 | |a RU | ||
| 105 | |a y z 101zy | ||
| 135 | |a drgn ---uucaa | ||
| 181 | 0 | |a i | |
| 182 | 0 | |a b | |
| 200 | 1 | |a Эвристические методы в принятии решений инженеров |d Heuristic methods engineers in decision-making |f В. Г. Лизунков, О. В. Кадочникова |g науч. рук. В. Г. Лизунков | |
| 203 | |a Текст |c электронный | ||
| 225 | 1 | |a Социально-гуманитарный аспект инженерной деятельности | |
| 230 | |a 1 компьютерный файл (pdf; 404 Kb) | ||
| 300 | |a Заглавие с титульного экрана | ||
| 320 | |a [Библиогр.: с. 295 (3 назв.)] | ||
| 330 | |a The leaders of large organizations and managers at various levels every day are the choice of what decision should be taken which will be the most promising solution for a given situation of the enterprise. Today, the role of heuristics in decision-making managers reaches its greatest relevance, because it is these methods can include mental thinking employee to exercise creativity, generate ideas, to define the strategy and tactics in decision-making. This article will examine heuristics in decision-making engineering industry. | ||
| 337 | |a Adobe Reader | ||
| 461 | 1 | |0 (RuTPU)RU\TPU\conf\13102 |t Современные техника и технологии |o сборник трудов XXI международной научной конференции студентов, аспирантов и молодых ученых, Томск, 5-9 октября 2015 г. |o в 2 т. |f Национальный исследовательский Томский политехнический университет (ТПУ) |d 2015 | |
| 463 | 0 | |0 (RuTPU)RU\TPU\conf\13105 |t Т. 2 |f под ред. А. М. Малышенко [и др.] |v [С. 293-295] |d 2015 | |
| 510 | 1 | |a Heuristic methods engineers in decision-making |z eng | |
| 610 | 1 | |a труды учёных ТПУ | |
| 610 | 1 | |a электронный ресурс | |
| 610 | 1 | |a эвристические методы | |
| 610 | 1 | |a принятие решений | |
| 610 | 1 | |a инженеры | |
| 700 | 1 | |a Лизунков |b В. Г. |c экономист |c доцент Юргинского технологического института (филиала) Томского политехнического университета, кандидат педагогических наук |f 1986- |g Владислав Геннадьевич |2 stltpush |3 (RuTPU)RU\TPU\pers\31896 |9 15968 | |
| 701 | 1 | |a Кадочникова |b О. В. | |
| 702 | 1 | |a Лизунков |b В. Г. |c экономист |c доцент Юргинского технологического института (филиала) Томского политехнического университета, кандидат педагогических наук |f 1986- |g Владислав Геннадьевич |2 stltpush |4 727 |9 15968 | |
| 712 | 0 | 2 | |a Национальный исследовательский Томский политехнический университет (ТПУ) |b Юргинский технологический институт (филиал) (ЮТИ) |b Кафедра экономики и автоматизироанных систем управления (ЭАСУ) |h 360 |2 stltpush |3 (RuTPU)RU\TPU\col\18900 |
| 801 | 2 | |a RU |b 63413507 |c 20210120 |g RCR | |
| 856 | 4 | |u http://earchive.tpu.ru/handle/11683/22089 | |
| 856 | 4 | |u http://www.lib.tpu.ru/fulltext/c/2015/C01/V2/084.pdf | |
| 942 | |c BK | ||